Statistiche per Riconosci il Calciatore - Quiz n°137

Clicka qui per fare il quiz!

Statistiche generali

  • Questo quiz è stato fatto 5 volte
  • Il punteggio medio è 6 su 17

Statistiche sulle risposte

IndizioRisposta% Corretto
RuoloPortiere
100%
NazionalitàSpagna 187 cm
100%
Squadra di club 4Valencia 1994-1998
100%
Data di nascita23/10/1961
80%
Squadra di club 3Barcellona 1986-1994
80%
Squadra di club 2Athletic Bilbao 1981-1986
60%
Squadra di club 1Bilbao Athletic 1980-1981
40%
Altezza86 kg
20%
PesoAlavés Aficionados 1978-1980
20%
Gol nei club0
0%
Gol in nazionale0
0%
Trofei per nazionali0
0%
Presenze in nazionale126
0%
Presenze nei club844
0%
CalciatoreAndoni Zubizarreta
0%
Trofei per clubCampionato spagnolo: 6
Athletic Bilbao: 1982-1983, 1983-1984
Barcellona: 1990-1991, 1991-1992, 1992-1993, 1993-1994
Coppa di Spagna: 3
Athletic Bilbao: 1983-1984
Barcellona: 1987-1988, 1989-1990
Supercoppa di Spagna: 3
Athletic Bilbao: 1984
Barcellona: 1991, 1992
Coppa delle Coppe: 1
Barcellona: 1988-1989
Coppa dei Campioni: 1
Barcellona: 1991-1992
Supercoppa UEFA: 1
Barcellona: 1992
0%
Trofei individualiTrofeo Zamora: 1
1986-1987
Calciatore spagnolo dell'anno: 1
1987
0%

Distribuzione punteggi

Percentile per numero di risposta

Percentuale di utenti per punteggio

I tuoi punteggi nel tempo

Non hai fatto questo quiz